000
002840000a22000970004500
100
1
_a
Jezequel, Roberta
245
1
0
_a
Standing in the gap : Women reaching the world
300
_a
Vol. 78, Num 4 (Octubre-Diciembre, 1998), Páginas 6-9
773
0
_t
Latin America Evangelist
942
_c
ANA
999
_c
55150
_d
55150